000 01722 a2200217 4500
001 24965
005 20260407155532.0
008 260407a1994 arg spa d
003 AR-UNSa-BCEJYS
040 _aAR-UNSa-BCEJYS
_bspa
_cAR-UNSa-BCEJYS
080 _a658.5
_xPlanificación y control de la producción
245 1 0 _aProducción
_pSu organización y administración en el umbral del tercer milenio
020 _a950-791-024-7
264 1 _aBuenos Aires :
_bEdiciones Interoceánicas
_c1994
300 _a556 p.
_c25 cm.
505 _aParte I : El sistema de producción : 1. Evolución de los hechos e ideas en producción - 2. La producción como sistema - 3. El sistema de dirección de producción - Parte II : Estrategia : 4. La estrategia de producción - 5. La tecnología - 6. El producto - 7. El proceso - 8. Dimensión - 9. Localización - 10. Organización de la producción - Parte III : Táctica : 12. Latáctica de la producción - 13. Producción continua - 14. Producción por montaje - 15. Producción intermitente - 16. Producción por proyectos - 17. Actividades productivas primarias - 18. Prestación de servicios - 19. Control de calidad - Parte IV : Logistica : 20. La logistica de producción - 21. Abastecimiento - 22. Expedición y distribución física - 23. Mantenimiento - 24. La fuerza del trabajo - 25. Servicios y contextos - Parte V : Control supeior y desarrollado : 26. El control superior de la producción - 27. Cambio y desarrollo del sistema de producción.
942 _cBK
590 _aniveau_biblio:m niveau_hierar:0
100 1 _aSolana, Ricardo F.
856 4 1 _uhttps://biblioeco.unsa.edu.ar/pmb/images/libros/Produccion (l65177).jpg
_yImagen de portada
_qimage/jpeg
999 _c1244
_d1244